[Event "I liga CS 2016."]
[Site "Kragujevac,hotel Sumarice"]
[Date "2016.09.10"]
[Round "1.5"]
[White "Nikolic, Dragovan"]
[Black "Milenkovic, Mladen"]
[Result "0-1"]
[WhiteElo "2227"]
[BlackElo "2344"]
[PlyCount "80"]
[EventDate "2016.09.10"]

1. e4 c5 2. Nf3 d6 3. b3 Nf6 4. Bb5+ Bd7 5. Bxd7+ Nbxd7 6. Qe2 g6 7. Bb2 Bg7 8.
O-O O-O 9. a4 e5 10. Na3 Qe7 11. Rfe1 Rfe8 12. c4 Nb8 13. Nc2 Nc6 14. Ne3 Nd4
15. Qd1 Qd8 16. d3 Qb6 17. Bxd4 cxd4 18. a5 Qc7 19. Nc2 Qd7 20. Qd2 Nh5 21. Qe2
Nf4 22. Qf1 Qg4 23. Nb4 f5 24. Ra2 Rf8 25. Nd2 Bh6 26. f3 Qh5 27. g3 Nh3+ 28.
Kg2 Bxd2 29. Rxd2 fxe4 30. dxe4 Rf7 31. Qe2 Ng5 32. Rd3 Raf8 33. Rf1 Qh3+ 34.
Kg1 Qh5 35. Kg2 Qh3+ 36. Kg1 Ne6 37. Rd2 Nc5 38. Rb2 g5 39. Nd3 g4 40. Nf2 gxf3
0-1

[Event "I liga CS 2016."]
[Site "Kragujevac,hotel Sumarice"]
[Date "2016.09.10"]
[Round "1.5"]
[White "Organdziev, Oliver"]
[Black "Vuckovic, Branko"]
[Result "1/2-1/2"]
[WhiteElo "2259"]
[BlackElo "2263"]
[PlyCount "90"]
[EventDate "2016.09.10"]

1. e4 Nf6 2. Nc3 e5 3. g3 Bc5 4. Bg2 a6 5. Nf3 Nc6 6. O-O d6 7. d3 h6 8. Be3
Ba7 9. Bxa7 Rxa7 10. h3 O-O 11. d4 Ra8 12. Re1 Rb8 13. a4 Re8 14. Qd2 Bd7 15.
Rad1 exd4 16. Nxd4 Qc8 17. Kh2 Nxd4 18. Qxd4 Bc6 19. b4 b6 20. b5 axb5 21. axb5
Bb7 22. f4 Qe6 23. e5 Bxg2 24. Kxg2 dxe5 25. Rxe5 Qc8 26. Qc4 Rxe5 27. fxe5 Nh7
28. Nd5 Qe6 29. Qxc7 Re8 30. Nf4 Qf5 31. Rd8 Qe4+ 32. Kf2 Rxd8 33. Qxd8+ Nf8
34. Qxb6 Qxc2+ 35. Kf3 g5 36. Ne2 Qf5+ 37. Kg2 Qxe5 38. Nd4 Qd5+ 39. Kg1 Nd7
40. Qd8+ Kg7 41. Nc6 Qd1+ 42. Kf2 Qd2+ 43. Kf1 Qd3+ 44. Kf2 Qf5+ 45. Kg2 Nf6
1/2-1/2

[Event "I liga CS 2016."]
[Site "Kragujevac,hotel Sumarice"]
[Date "2016.09.10"]
[Round "1.6"]
[White "Ristic, Nebojsa M"]
[Black "Dimitrov, Radoslav"]
[Result "0-1"]
[WhiteElo "2371"]
[BlackElo "2489"]
[PlyCount "80"]
[EventDate "2016.09.10"]

1. d4 Nf6 2. Nf3 e6 3. c4 b6 4. g3 Ba6 5. b3 Bb4+ 6. Bd2 Be7 7. Bg2 c6 8. Bc3
d5 9. Nbd2 Nbd7 10. O-O O-O 11. Re1 c5 12. e4 Rc8 13. e5 Ne8 14. cxd5 exd5 15.
Nf1 cxd4 16. Bxd4 Nc7 17. a3 Nc5 18. Ne3 Qd7 19. h4 Rfd8 20. Ra2 N7e6 21. b4
Nd3 22. Rf1 Nxd4 23. Nxd4 Nxe5 24. b5 Bb7 25. Kh2 Rc3 26. Qh5 Rxe3 27. Bh3
Qxh3+ 28. Kxh3 Bc8+ 29. Nf5 Rf3 30. Kg2 Bxf5 31. Re1 g6 32. Qh6 Be4 33. Rxe4
dxe4 34. Re2 Ng4 35. Qc1 Bc5 36. Qg5 Nf6 37. Qe5 h5 38. Rc2 Rd5 39. Qb8+ Kg7
40. Qxa7 Rdf5 0-1

[Event "I liga CS 2016."]
[Site "Kragujevac,hotel Sumarice"]
[Date "2016.09.10"]
[Round "1.6"]
[White "Zivkovic, Nemanja"]
[Black "Todorovic, Goran N"]
[Result "0-1"]
[WhiteElo "2260"]
[BlackElo "2350"]
[PlyCount "110"]
[EventDate "2016.09.10"]

1. e4 d6 2. d4 Nf6 3. Nc3 g6 4. h3 Bg7 5. Nf3 a6 6. a4 b6 7. Be3 O-O 8. e5 Nfd7
9. e6 fxe6 10. Ng5 Nf6 11. Be2 h6 12. Nf3 c5 13. dxc5 bxc5 14. Bd3 Nd5 15. O-O
Nxc3 16. bxc3 Rf6 17. Be4 d5 18. c4 Bb7 19. Rb1 Bc6 20. Ne5 Qc7 21. Nxc6 dxe4
22. Nxb8 Rxb8 23. Rxb8+ Qxb8 24. Bxc5 Qc7 25. Be3 Qxc4 26. a5 Rf5 27. Bb6 Bc3
28. Qg4 Kf7 29. Rd1 h5 30. Qh4 Bf6 31. Qg3 Qxc2 32. Re1 Rd5 33. Qe3 Rd1 34. g4
Rxe1+ 35. Qxe1 Qc3 36. Qf1 Qa1 37. Qxa1 Bxa1 38. gxh5 gxh5 39. Kg2 Be5 40. f3
exf3+ 41. Kxf3 Ke8 42. Ke4 Bd6 43. Kd4 Kd7 44. Kc4 Kc6 45. Be3 Bg3 46. Bd2 Bf2
47. Kd3 Ba7 48. Kc4 Bb8 49. Bc3 Bd6 50. Be1 Bc7 51. Bb4 e5 52. Bc3 e4 53. Bd2
e3 54. Bc3 e2 55. Be1 e6 0-1

[Event "I liga CS 2016."]
[Site "Kragujevac,hotel Sumarice"]
[Date "2016.09.10"]
[Round "1.6"]
[White "Stankovic, Dragan P"]
[Black "Stankovic, Ivan G"]
[Result "0-1"]
[WhiteElo "2208"]
[BlackElo "2293"]
[PlyCount "86"]
[EventDate "2016.09.10"]

1. g3 c5 2. Bg2 Nc6 3. c4 g6 4. Nc3 Bg7 5. a3 d6 6. Rb1 a5 7. d3 e5 8. e3 Nge7
9. Nge2 Be6 10. Nd5 Rb8 11. Nec3 O-O 12. O-O f5 13. Bd2 Bf7 14. b4 axb4 15.
axb4 Nxd5 16. Nxd5 Ne7 17. e4 Nxd5 18. exd5 b6 19. Bc3 g5 20. f4 exf4 21. Bxg7
Kxg7 22. gxf4 g4 23. d4 cxd4 24. Qxd4+ Qf6 25. Qxf6+ Kxf6 26. Ra1 Ra8 27. Kf2
Rfc8 28. Rxa8 Rxa8 29. Rb1 Ra2+ 30. Kg3 h5 31. h4 Rc2 32. Bf1 Rc3+ 33. Kg2 Rf3
34. Ra1 b5 35. Ra6 bxc4 36. Bxc4 Rxf4 37. Ba2 Ke5 38. b5 Rb4 39. b6 f4 40. Ra7
Rxb6 41. Rxf7 Rb2+ 42. Kf1 Rxa2 43. Rh7 Ke4 0-1

[Event "I liga CS 2016."]
[Site "Kragujevac,hotel Sumarice"]
[Date "2016.09.10"]
[Round "1.6"]
[White "Milosevic, Aleksandar"]
[Black "Milosevic, Boban"]
[Result "1/2-1/2"]
[WhiteElo "2269"]
[BlackElo "2283"]
[PlyCount "29"]
[EventDate "2016.09.10"]

1. Nf3 Nf6 2. c4 e6 3. Nc3 d5 4. d4 Be7 5. Bg5 O-O 6. e3 Nbd7 7. Rc1 a6 8. cxd5
exd5 9. Bd3 c6 10. O-O Re8 11. Qc2 Nf8 12. h3 Ng6 13. Ne5 Nd7 14. Bxe7 Qxe7 15.
Nxg6 1/2-1/2

[Event "I liga CS 2016."]
[Site "Kragujevac,hotel Sumarice"]
[Date "2016.09.10"]
[Round "1.6"]
[White "Vulicevic, Novica"]
[Black "Vlahovic, Bogdan"]
[Result "1/2-1/2"]
[WhiteElo "2140"]
[BlackElo "2312"]
[PlyCount "35"]
[EventDate "2016.09.10"]

1. Nf3 d6 2. d4 Bg4 3. e3 Nf6 4. Be2 Nbd7 5. O-O e6 6. b3 Be7 7. Bb2 O-O 8.
Nbd2 c6 9. e4 d5 10. Ne5 Bxe2 11. Qxe2 Bb4 12. c3 Be7 13. Nxd7 Nxd7 14. e5 c5
15. dxc5 Bxc5 16. c4 Nb6 17. cxd5 Nxd5 18. Ne4 1/2-1/2

[Event "I liga CS 2016."]
[Site "Kragujevac,hotel Sumarice"]
[Date "2016.09.10"]
[Round "1.6"]
[White "Krstic, Ranko"]
[Black "Bajic, Veroljub"]
[Result "1/2-1/2"]
[WhiteElo "2206"]
[BlackElo "2078"]
[PlyCount "22"]
[EventDate "2016.09.10"]

1. d4 Nf6 2. c4 c5 3. d5 b5 4. Qc2 bxc4 5. e4 d6 6. Bxc4 g6 7. Nf3 Bg7 8. Nc3
O-O 9. O-O Ba6 10. Nd2 Bxc4 11. Nxc4 Nbd7 1/2-1/2